Najvyššie dosiahnuté vzdelanie podporovaných podnikateľov ako determinant ich úspešnosti pri tvorbe pracovných miest

Podpora podnikania v jednotlivých štádiách životného cyklu podnikov. Chápanie podpory podnikania v rámci Európskej únie. Výsledky dotazníkového prieskumu, ktorého cieľom bolo zistiť súvislosti medzi najvyšším dosiahnutým vzdelaním podnikateľov a ich úspešnosťou pri vytváraní nových pracovných miest.

Uložené v:
Podrobná bibliografia
Hlavný autor: Floreková, Michaela
Médium: Kapitola
Jazyk:Slovak
Predmet:
Tagy: Pridať tag
Žiadne tagy, Buďte prvý, kto otaguje tento záznam!

MARC

LEADER 00000naa$a2200000$$$4500
001 0225055
005 20240524093924.0
041 0 |a slo 
044 |a SK 
245 1 0 |a Najvyššie dosiahnuté vzdelanie podporovaných podnikateľov ako determinant ich úspešnosti pri tvorbe pracovných miest  |c Michaela Floreková 
520 |a Podpora podnikania v jednotlivých štádiách životného cyklu podnikov. Chápanie podpory podnikania v rámci Európskej únie. Výsledky dotazníkového prieskumu, ktorého cieľom bolo zistiť súvislosti medzi najvyšším dosiahnutým vzdelaním podnikateľov a ich úspešnosťou pri vytváraní nových pracovných miest. 
610 2 0 |a podnikanie 
610 2 0 |a podnikatelia 
610 2 0 |a podpora podnikania 
610 2 0 |a vzdelanie 
610 2 0 |a miesta pracovné 
610 2 0 |a prieskum 
610 2 0 |a Slovensko 
100 1 |a Floreková, Michaela